01016nam a22002537a 450000500170000001000260001702000260004302000260006903500140009503500140010903700090012308200130013210000270014524500380017225000060021026000550021627000880027130000200035949000080037994200240038799900190041195201660043095201660059620260616112449.0 aENG-148829 ENG-148853 c105.00a9789350693254 c100.00a9789350693261 aEN-132361 aEN-132385 bDBAD a230.221 aBalasubramanyam989377 aMy Loving Swami/cBalasubramanyam a1 aAndhra PradeshbSri Sathya sai Sadhana Trustc2021 bPrasanthi NilayamaAnantapur Districe515134morders@sssbpt.orgk011-287375l287236 a208p.c22cm(pb) v1,2 2ddccENh230.2mBAL c216636d216636 00103Part 140718NFICaDBADbDBADd2026-06-12eDelivery of Books Act Divisiong105.00l0o230.2 BALpEN-132361r2026-06-12 16:51:59t1v105.00w2026-06-12yEN 00103Part 240718NFICaDBADbDBADd2026-06-16eDelivery of Books Act Divisiong100.00l0o230.2 BALpEN-132385r2026-06-16 11:25:27t1v100.00w2026-06-16yEN